Top 10 Most Sold Pop-Tart Flavors - Statistics

General Stats
  • This quiz has been taken 15 times
  • The average score is 3 of 15
Answer Stats
Hint Answer % Correct
3 S'mores
67%
2 Brown Sugar Cinnamon
58%
8 Chocolate Fudge
42%
9 Chocolate Chip
25%
15 Cinnamon Roll
17%
5 Cookies & Creme
17%
4 Frosted Blueberry
17%
1 Frosted Strawberry
17%
7 Hot Fudge Sundae
17%
12 Confetti Cupcake
8%
10 Frosted Raspberry
8%
6 Frosted Cherry
0%
11 Frosted Wild Berry
0%
14 Snickerdoodle
0%
13 Strawberry Milkshake
0%
No matching quizzes found
Score Distribution
Percent of People with Each Score
Percentile by Number Answered
Your Score History
You have not taken this quiz